| 000 | 003980000a22001810004500 | ||
|---|---|---|---|
| 650 | _aLiterature | ||
| 082 |
_aN895.511 _b11316k _cCS |
||
| 518 | _a980123 | ||
| 530 | _aM | ||
| 100 | _aUpadhyaya, Chavilal | ||
| 245 | _aKamrupa; itihasmulak kavya | ||
| 260 |
_aSonitpur _bDevaraj Upadhyay, India |
||
| 260 | _c1995 | ||
| 041 | _aNep | ||
| 300 | _a90p. | ||
| 365 | _aI.C. 25.00 | ||
| 942 | _cGEN | ||
| 999 |
_c14834 _d14834 |
||